Oklahoma A-Z - Statistics

General Stats
  • This quiz has been taken 52 times
  • The average score is 12 of 26
Answer Stats
Hint Answer % Correct
B - Country music singer with friends in low places Garth Brooks
85%
T - NBA team OKC Thunder
83%
P - Famous Oklahoma "handle" Panhandle
80%
C - Language that "Oklahoma" is derived from Choctaw
75%
O - Black gold, Texas tea Oil
75%
K - Country singer who loves red solo cups Toby Keith
68%
U - Country singer who wants Jesus to take the wheel Carrie Underwood
65%
N - Actor and martial artist known for playing a Texas Ranger Chuck Norris
65%
G - Steinbeck novel about the Joads The Grapes of Wrath
63%
Y - Town named after an 1890s Canadian gold rush Yukon
63%
A - Mountain range in south-central Oklahoma Arbuckle Mountains
60%
L - Events that produced the "sooner" nickname Land runs
60%
D - Minor League baseball team in OKC OKC Dodgers
58%
S - One of the "Five Civilized Tribes" Seminole
53%
E - Largest lake in Oklahoma Lake Eufaula
43%
F - Psychedelic rock band The Flaming Lips
43%
Q - Mountain range in southwest Oklahoma Quartz Mountains
30%
X - Co-founder of the Jesuits and namesake of a Stillwater church St. Francis Xavier
25%
V - Halfback who won the 1952 Heisman trophy Billy Vessels
20%
M - State reptile Mountain Boomer
20%
I - 1952 novel about an unnamed black man Invisible Man
15%
W - Only Native American general in the U.S. Civil War Stand Watie
15%
R - Man whose arrest ignited the Tulsa race massacre Dick Rowland
10%
H - Most of Oklahoma has this Köppen climate type Humid subtropical
8%
Z - First woman to lead a state college or university in the U.S. Kate Galt Zaneis
8%
J - Physicist who discovered the first astronomical radio source Karl Jansky
5%
No matching quizzes found
Score Distribution
Percent of People with Each Score
Percentile by Number Answered
Your Score History
You have not taken this quiz